000 02342nam a22003737a 4500
001 2007
003 CO-MdFUSB
005 20220502100620.0
008 170522t1961 enk||||| |||| 00| 0 eng d
020 _q[No incluye ISBN]
040 _aCO-MdFUSB
_bspa
_cCO-MdFUSB
_dCO-MdFUSB
_erda
041 0 _aeng
082 0 4 _a221.7
_b23
_2OL44
090 _a24
100 1 _aEichrodt, Walther (1890-)
_eautor
240 1 _aOld testament library
245 0 0 _aTheology of the Old Testament
_c/ Walther Eichrodt ; J. A. Baker, Traductor
264 1 _aLondon :
_bSCM Press,
_c℗1961
264 4 _c©1961
300 _a2 volúmenes :
_c23 cm.
_b:
336 _2rdacontent
337 _2rdamedia
338 _2rdacarrier
490 4 _aThe Old Testament Library
500 _aIncluye indices (Vol. 1, p. 521- 542; Vol. 2 , p. 531- 545)
505 _aVolumen. 1: Parte uno -- I. Teología del Antiguo Testamento: El problema y el método -- II. La relación del Pacto -- III. Los estatutos del pacto -- IV. Los estatutos del pacto continuaron -- V. El nombre del pacto Dios -- VI. La naturaleza del pacto Dios -- VII. La naturaleza del pacto Dios continuó -- VIII. Los Instrumentos del Pacto -- IX. Los instrumentos del Pacto continuaron -- X. Quebrantamiento del convenio y juicio -- XI. Cumpliendo al pacto: la consumación del dominio de Dios -- Excursus : El problema de la Teología del Antiguo Testamento
505 _aVolumen. 2: Segunda parte: Dios y el mundo -- XII: Las formas de la auto-manifestación de Dios -- XIII: Los poderes cósmicos de Dios -- XIV: Los poderes cósmicos de Dios continuó -- XV: Cosmología y creación -- XVI: El lugar del hombre en la creación -- XVII: Mantenimiento del mundo -- XVIII: El mundo celestial -- XIX: El mundo subterráneo -- Parte tres: Dios y el hombre -- XX: El individuo y la comunidad en el Antiguo Testamento Relación hombre-hombre -- XXI: Las formas fundamentales de la relación personal del hombre con Dios -- XXII: El efecto de la piedad en la conducta (moralidad del Antiguo Testamento) -- XXIII: El indulto y la perdición De la relación del individuo con Dios (Inmoralidad)
563 _aPasta dura.
630 7 _aBiblia.
_pAntiguo Testamento
_xTeología
650 7 _aTeología bíblica
_9320
942 _cREF
945 _aJTF-925
999 _c64031
_d64031